International trade theory : (Record no. 18752)
[ view plain ]
| 000 -LEADER | |
|---|---|
| fixed length control field | 00917cam a22002534a 4500 |
| 001 - CONTROL NUMBER | |
| control field | 15226173 |
| 005 - DATE AND TIME OF LATEST TRANSACTION | |
| control field | 20141211105451.0 |
| 008 - FIXED-LENGTH DATA ELEMENTS--GENERAL INFORMATION | |
| fixed length control field | 080320t2008 gw d frb 001 0 eng d |
| 010 ## - LIBRARY OF CONGRESS CONTROL NUMBER | |
| LC control number | 2008925415 |
| 020 ## - INTERNATIONAL STANDARD BOOK NUMBER | |
| International Standard Book Number | 9783540782643 (hardcover : alk. paper) |
| 040 ## - CATALOGING SOURCE | |
| Original cataloging agency | DLC |
| Transcribing agency | DLC |
| Modifying agency | EG-ScBUE |
| 082 00 - DEWEY DECIMAL CLASSIFICATION NUMBER | |
| Edition number | 22 |
| Classification number | 382 |
| Item number | ZHA |
| 100 1# - MAIN ENTRY--PERSONAL NAME | |
| Personal name | Zhang, Wei-Bin, |
| Dates associated with a name | 1961- |
| 9 (RLIN) | 36866 |
| 245 10 - TITLE STATEMENT | |
| Title | International trade theory : |
| Remainder of title | capital, knowledge, economic structure, money, and prices over time / |
| Statement of responsibility, etc | Wei-Bin Zhang. |
| 260 ## - PUBLICATION, DISTRIBUTION, ETC. (IMPRINT) | |
| Place of publication, distribution, etc | Berlin : |
| Name of publisher, distributor, etc | Springer, |
| Date of publication, distribution, etc | c.2008. |
| 300 ## - PHYSICAL DESCRIPTION | |
| Extent | x, 522 p. : |
| Other physical details | charts ; |
| Dimensions | 24 cm. |
| 500 ## - GENERAL NOTE | |
| General note | Based on the author's previous book: The theory of international trade. c.2000. |
| 500 ## - GENERAL NOTE | |
| General note | Index : p. [507]-522. |
| 504 ## - BIBLIOGRAPHY, ETC. NOTE | |
| Bibliography, etc | Bibliography : p. [483]-506. |
| 650 #0 - SUBJECT ADDED ENTRY--TOPICAL TERM | |
| Topical term or geographic name as entry element | International trade |
| General subdivision | Econometric models |
| 9 (RLIN) | 36867 |
| 653 ## - INDEX TERM--UNCONTROLLED | |
| Resource For college | BAEPS, Business Administration |
| Arrived date list | December2014 |
| 655 ## - INDEX TERM--GENRE/FORM | |
| Form subdivision | |
| -- | 34232 |
| 942 ## - ADDED ENTRY ELEMENTS (KOHA) | |
| Source of classification or shelving scheme | Dewey Decimal Classification |
| Call number prefix | 382 ZHA |
| Withdrawn status | Item status | Source of classification or shelving scheme | Damaged status | Not for loan | Vendor | Home library | Current library | Shelving location | Date acquired | Source of acquisition | Cost, normal purchase price | Serial Enumeration / chronology | Total Checkouts | Total Renewals | Full call number | Barcode | Date last seen | Date last borrowed | Cost, replacement price | Koha item type |
|---|---|---|---|---|---|---|---|---|---|---|---|---|---|---|---|---|---|---|---|---|
| Dewey Decimal Classification | Baccah | Central Library | Central Library | First floor | 11/12/2014 | 910.00 | 20677 | 2 | 25 | 382 ZHA | 000037149 | 15/07/2025 | 08/09/2019 | 1137.50 | Book - Borrowing |